000 01380nam a22003134i 4500
999 _c64346
_d64346
001 4278275
003 CO-MdFUSB
005 20180809102920.0
008 850806t1969 sp b 000 0 spa
040 _aDLC
_dDLC
_bspa
_cCO-MdFUSB
_erda
041 _aspa
082 0 0 _a222.507
_223
_bEL47
100 1 _aEllis, Peter F., C. SS. R
_d1921-2009
_eautor
240 _aFirst Kings : Second Kings
245 1 0 _aLos Reyes
_c/ Peter F. Ellis, C. SS. R. ; traductor Julián B. Ruiz Rivera, S.J.
264 1 _aEspaña :
_bSalterrae,
_c℗[1969]
264 4 _c©1969
300 _a179 páginas ;
_c17 cm.
336 _2rdacontent
_atexto
_btxt
337 _2rdamedia
_asin mediación
_bn
338 _2rdacarrier
_avolumen
_bnc
490 _aConoce la biblia : Antiguo Testamento.
505 _aSalomón sucede a David -- El reinado de Salomón -- La división del reino -- Historia sinóptica hasta Elías -- El ciclo de Elías -- El ciclo de Elíseo -- Historia sinóptica desde Jehú hasta la caída de Samaria.
_tIntroducción. --
_tSalomón y su reino. --
_tHistoria sinóptica de los reyes de Israel y Judá. --
_tLos últimos reyes de Judá. --
_tTemas para repaso y discusión. --
_tAbreviaturas.
563 _aTapa rústica
630 0 7 _aBiblia.
_pReyes
700 _aRuiz Rivera, Julián B., S.J.
_etraductor
830 1 _aOld Testament Reading Guide
_n7
942 _cBK